00724nam a22001937a 450000500170000000800410001702000180005804000180007608200210009410000190011524501940013425000120032826000320034030000270037265000400039965000490043970000220048870000200051020250325064209.0250325b |||||||| |||| 00| 0 eng d a9798868800283 cAIMIT LIBRARY 21a005.761bKUMA aKumar, Anjani. aArchitecting a modern data warehouse for large enterprises :bbuild multi cloud modern distributed data warehouses with azure and aws /cBy Anjani Kumar ; Abhishek Mishra and Sanjeev Kumar. a1st ed. aNew York :bApress ;c2024. axv,368p. ;bPBc25 cm. aData lake Lake house and Delta lake aData democratization governance and security aMishra, Abhishek. aKumar, Sanjeev.